000 00720 a2200205 4500
999 _c2806
_d2806
020 _a9780761904502
050 0 0 _aHD 30.4 ARB 1997
100 1 _aArbnor, Ingeman,
_d1949-
245 1 0 _aMethodology for creating business knowledge /
_cIngeman Arbnor & Bjr̲n Bjerke.
250 _a2rd ed.
264 _aNew Dehli:
_bSage;
_c1997
300 _axxvi,548p. :
_bill. ;
500 _aincludes index
650 0 _aManagerial economics
_xMethodology.
650 0 _aBusiness
_xResearch
_xMethodology.
650 0 _aOrganizational learning
_xCost effectiveness.
700 1 _aBjerke, Bjr̲n,
_d1941-
942 _2lcc
_cBK
_e2rd ed.
_h30.4
_iARB
_kHD